AH International Schools' Libraries

Winnie-the-Pooh: (Record no. 49889)

MARC details
000 -LEADER
fixed length control field 01017nam a2200145 4500
020 ## - INTERNATIONAL STANDARD BOOK NUMBER
International Standard Book Number 9780142404676
100 ## - MAIN ENTRY--PERSONAL NAME
Personal name A. A. Milne,
Relator term author.
9 (RLIN) 60662
245 ## - TITLE STATEMENT
Title Winnie-the-Pooh:
Remainder of title Puffin Modern Classics/
Statement of responsibility, etc by A. A. Milne, Illustrated by Ernest H. Shepard.
260 ## - PUBLICATION, DISTRIBUTION, ETC. (IMPRINT)
Name of publisher, distributor, etc Puffin Books:
Date of publication, distribution, etc December 29, 2005.
300 ## - PHYSICAL DESCRIPTION
Extent 161 pages.
Dimensions 7.04 x 5.02 x 0.49 inches.
490 ## - SERIES STATEMENT
Series statement Winnie-the-Pooh
500 ## - GENERAL NOTE
General note Celebrating 100 years of one of the most beloved icons of children's literature, Winnie-the-Pooh!<br/><br/>Since 1926, Winnie-the-Pooh and his friends—Piglet, Owl, Tigger, and the ever doleful Eeyore—have endured as the unforgettable creations of A.A. Milne, who wrote this book for his son, Christopher Robin, and Ernest H. Shepard, who lovingly gave Pooh and his companions shape.<br/><br/>These characters and their stories are timeless treasures of childhood that continue to speak to all of us with the kind of freshness and heart that distinguishes true storytelling.
650 ## - SUBJECT ADDED ENTRY--TOPICAL TERM
9 (RLIN) 2857
Topical term or geographic name as entry element Friendship
942 ## - ADDED ENTRY ELEMENTS (KOHA)
Source of classification or shelving scheme
Koha item type Book
Holdings
Withdrawn status Lost status Source of classification or shelving scheme Damaged status Not for loan Home library Current library Date acquired Total Checkouts Full call number Barcode Date last seen Price effective from Koha item type
          Logos International School Logos International School 12/09/2025   J FIC MIL 100145 12/09/2025 12/09/2025 Book

For any Logos Library related questions please contact Miss Art at swongnarasuk@asianhope.org.

For any Asian Hope Library related questions please contact Miss Raza at graza@asianhope.org.

Click here to explore our ebooks!

Powered by Koha